[Event "AUT-chT2W 2223"]
[Site "Austria"]
[Date "2023.04.22"]
[Round "10.4"]
[White "Donegani, Peter"]
[Black "Schranzhofer, Marco"]
[Result "1/2-1/2"]
[WhiteElo "1998"]
[BlackElo "1831"]
[PlyCount "114"]
[EventDate "2022.09.23"]
[EventType "team-tourn"]
[EventRounds "11"]
[EventCountry "AUT"]
[SourceTitle "EXT 2024"]
[Source "ChessBase"]
[SourceDate "2023.10.10"]
[SourceVersion "1"]
[SourceVersionDate "2023.10.10"]
[SourceQuality "1"]
[WhiteTeam "Salzburg ASK"]
[BlackTeam "Pradl"]
[WhiteTeamCountry "AUT"]
[BlackTeamCountry "AUT"]

1. e4 c6 2. c4 d5 3. exd5 cxd5 4. cxd5 Nf6 5. Qa4+ Nbd7 6. Nc3 g6 7. Bc4 Bg7 8. Nf3 a6 9. d3 0-0 10. Qa3 Nb6 11. Qb3 Bg4 12. Ne5 Qd6 13. 0-0 Nxc4 14. Nxc4 Qc7 15. Nb6 Rad8 16. Be3 Bf5 17. Qc4 Qb8 18. h3 Nd7 19. Nxd7 Bxd7 20. Bf4 Qc8 21. Rfe1 Rfe8 22. Bc7 Bb5 23. Qf4 Bxc3 24. bxc3 Rxd5 25. c4 Rd7 26. Ba5 Bc6 27. Re3 Qb8 28. Qh6 Rd4 29. g3 f6 30. Rae1 Qd6 31. Bc3 Rxd3 32. Bxf6 Qxf6 33. Rxd3 Rf8 34. Qe3 Rf7 35. Rd8+ Kg7 36. Qe5 Qxe5 37. Rxe5 Kf6 38. Re3 h6 39. Rd4 g5 40. h4 Rf8 41. Kf1 Rc8 42. hxg5+ hxg5 43. Ke1 Rh8 44. Rd1 Rh1+ 45. Ke2 Rh8 46. Re1 Rc8 47. Kd2 Rc7 48. Re6+ Kf7 49. R6e5 g4 50. c5 Rd7+ 51. Kc3 Bf3 52. Rf5+ Kg6 53. Rxf3 gxf3 54. Re3 Rd5 55. Kc4 Rd2 56. Rxf3 Rxa2 57. Kd5 Rd2+ 1/2-1/2

[Event "AUT-chT2W 2223"]
[Site "Austria"]
[Date "2022.11.13"]
[Round "5.6"]
[White "Mira, Helene"]
[Black "Schranzhofer, Marco"]
[Result "1-0"]
[WhiteElo "2062"]
[BlackElo "1831"]
[PlyCount "101"]
[EventDate "2022.09.23"]
[EventType "team-tourn"]
[EventRounds "11"]
[EventCountry "AUT"]
[SourceTitle "CBM 213 Extra"]
[Source "ChessBase"]
[SourceDate "2023.05.31"]
[SourceVersion "1"]
[SourceVersionDate "2023.05.31"]
[SourceQuality "1"]
[WhiteTeam "Bregenz"]
[BlackTeam "Pradl"]
[WhiteTeamCountry "AUT"]
[BlackTeamCountry "AUT"]

1. Nf3 d5 2. d4 Nf6 3. e3 Bg4 4. c4 c6 5. Qb3 Qb6 6. Ne5 Bf5 7. Nd2 e6 8. Be2 Nbd7 9. g4 Nxe5 10. gxf5 Nxc4 11. fxe6 Nxd2 12. exf7+ Kxf7 13. Bxd2 Qxb3 14. axb3 Ne4 15. f3 Nxd2 16. Kxd2 Bb4+ 17. Kd3 a5 18. e4 Rhd8 19. e5 g6 20. f4 c5 21. Raf1 a4 22. f5 g5 23. h4 g4 24. Bxg4 c4+ 25. bxc4 dxc4+ 26. Ke4 a3 27. bxa3 Rxa3 28. Bh5+ Kf8 29. Be2 Bd2 30. Rf3 Rxf3 31. Bxf3 Ra8 32. Be2 b5 33. Rb1 Ra3 34. Rxb5 Re3+ 35. Kd5 Rxe2 36. Ke6 Kg7 37. f6+ Kh6 38. f7 Rf2 39. Rb8 c3 40. f8Q+ Rxf8 41. Rxf8 c2 42. Rc8 c1Q 43. Rxc1 Bxc1 44. d5 Kh5 45. d6 Kxh4 46. Kf7 Kg4 47. e6 Bf4 48. d7 Bg5 49. e7 Bxe7 50. Kxe7 h5 51. d8Q 1-0

[Event "AUT-chT2W 2223"]
[Site "Austria"]
[Date "2022.11.12"]
[Round "4.1"]
[White "Schranzhofer, Marco"]
[Black "Natter, Markus"]
[Result "1/2-1/2"]
[WhiteElo "1831"]
[BlackElo "1975"]
[PlyCount "71"]
[EventDate "2022.09.23"]
[EventType "team-tourn"]
[EventRounds "11"]
[EventCountry "AUT"]
[SourceTitle "CBM 213 Extra"]
[Source "ChessBase"]
[SourceDate "2023.05.31"]
[SourceVersion "1"]
[SourceVersionDate "2023.05.31"]
[SourceQuality "1"]
[WhiteTeam "Pradl"]
[BlackTeam "Lustenau"]
[WhiteTeamCountry "AUT"]
[BlackTeamCountry "AUT"]

1. e4 Nf6 2. Nc3 d5 3. e5 Nfd7 4. e6 fxe6 5. d4 c5 6. Bd3 Nf6 7. g4 cxd4 8. g5 dxc3 9. gxf6 exf6 10. Qh5+ Kd7 11. Ne2 Nc6 12. Nxc3 Bb4 13. Bd2 a6 14. Qg4 g6 15. 0-0-0 f5 16. Qg2 Kc7 17. Bg5 Qf8 18. Bf4+ Bd6 19. Bd2 Bd7 20. h4 Rg8 21. f4 Rc8 22. Qf1 Nb4 23. a3 Nxd3+ 24. Qxd3 Bc6 25. Rhe1 Qf6 26. Ne2 Bb5 27. Qc3+ Qxc3 28. Nxc3 Bd7 29. Ne2 Bc5 30. Bc3 Be3+ 31. Kb1 Rge8 32. Be5+ Kd8 33. Bf6+ Kc7 34. Be5+ Kd8 35. Bf6+ Kc7 36. Be5+ 1/2-1/2

[Event "Tirol Landesliga 2223"]
[Site "Austria"]
[Date "2022.10.02"]
[Round "2.5"]
[White "Schranzhofer, Marco"]
[Black "Hofherr, Helmut"]
[Result "1-0"]
[WhiteElo "1831"]
[BlackElo "1888"]
[PlyCount "51"]
[EventDate "2022.10.01"]
[EventType "team-tourn"]
[EventRounds "9"]
[EventCountry "AUT"]
[SourceTitle "EXT 2024"]
[Source "ChessBase"]
[SourceDate "2023.10.10"]
[SourceVersion "1"]
[SourceVersionDate "2023.10.10"]
[SourceQuality "1"]
[WhiteTeam "Voels/Innsbruck"]
[BlackTeam "Reutte"]
[WhiteTeamCountry "AUT"]
[BlackTeamCountry "AUT"]

1. e4 c5 2. Nf3 a6 3. c3 d6 4. d4 cxd4 5. cxd4 e6 6. Bd3 Be7 7. Nc3 Nc6 8. 0-0 b5 9. d5 Ne5 10. Nd4 Nxd3 11. Qxd3 e5 12. Nc6 Qc7 13. a4 bxa4 14. Rxa4 Bb7 15. Rc4 Bxc6 16. Rxc6 Qa5 17. Qc4 Nf6 18. Be3 Nd7 19. Rc7 Nc5 20. Rxe7+ Kxe7 21. b4 Qa3 22. bxc5 Rhc8 23. Rb1 dxc5 24. Bc1 Qa5 25. d6+ Kf8 26. Rb7 1-0

[Event "Innsbruck op-B 3rd"]
[Site "Innsbruck"]
[Date "2019.08.28"]
[Round "5"]
[White "Hager, Eberhard"]
[Black "Schranzhofer, Marco"]
[Result "1/2-1/2"]
[WhiteElo "1782"]
[BlackElo "1874"]
[PlyCount "86"]
[EventDate "2019.08.25"]
[EventType "swiss"]
[EventRounds "9"]
[EventCountry "AUT"]
[SourceTitle "EXT 2020"]
[Source "ChessBase"]
[SourceDate "2019.10.17"]
[SourceVersion "1"]
[SourceVersionDate "2019.10.17"]
[SourceQuality "1"]

1. e4 c6 2. d4 d5 3. exd5 cxd5 4. Bd3 Nc6 5. c3 Qc7 6. h3 e5 7. dxe5 Nxe5 8. Bb5+ Bd7 9. Bxd7+ Qxd7 10. Nf3 Nc6 11. 0-0 Be7 12. Be3 Nf6 13. Nd4 0-0 14. Qc2 Rac8 15. a3 Rfd8 16. Nd2 Nxd4 17. Bxd4 Qc6 18. Rfe1 Bc5 19. Nf3 Ne4 20. Rad1 b5 21. Bxc5 Qxc5 22. Nd4 a5 23. Qe2 b4 24. axb4 axb4 25. cxb4 Qxb4 26. Nf5 g6 27. Nh6+ Kg7 28. Ng4 Rb8 29. Rb1 Qd2 30. Qe3 h5 31. Ne5 Qxe3 32. Rxe3 Rb5 33. Ra3 Rdb8 34. Ra7 R8b7 35. Rxb7 Rxb7 36. Nd3 Rb3 37. Rd1 g5 38. f3 Nf6 39. Kf2 g4 40. Kg3 gxf3 41. gxf3 Rb5 42. Rd2 Rb3 43. Kf2 Kf8 1/2-1/2

[Event "Innsbruck op-B 2nd"]
[Site "Innsbruck"]
[Date "2018.09.01"]
[Round "9"]
[White "Pernerstorfer, Max"]
[Black "Schranzhofer, Marco"]
[Result "1/2-1/2"]
[WhiteElo "1955"]
[BlackElo "1871"]
[PlyCount "54"]
[EventDate "2018.08.24"]
[EventType "swiss"]
[EventRounds "9"]
[EventCountry "AUT"]
[SourceTitle "CBM 186 Extra"]
[Source "ChessBase"]
[SourceDate "2018.08.24"]
[SourceVersion "1"]
[SourceVersionDate "2018.08.24"]
[SourceQuality "1"]

1. e4 c6 2. d4 d5 3. Nd2 dxe4 4. Nxe4 Nf6 5. Nxf6+ exf6 6. Nf3 Na6 7. Be2 Bd6 8. 0-0 Nc7 9. c4 0-0 10. Be3 Re8 11. Qc2 Bg4 12. h3 Bh5 13. Rfd1 Qe7 14. c5 Bg3 15. Qb3 Nd5 16. fxg3 Qxe3+ 17. Qxe3 Rxe3 18. Kf2 Bxf3 19. Bxf3 Re7 20. Bxd5 cxd5 21. b4 Re4 22. b5 Kf8 23. a4 Rae8 24. Rd2 R8e6 25. a5 Ke7 26. Rc1 Kd7 27. Ra1 h5 1/2-1/2

[Event "Innsbruck op-B 2nd"]
[Site "Innsbruck"]
[Date "2018.08.31"]
[Round "8"]
[White "Grundhammer, Gerhard"]
[Black "Schranzhofer, Marco"]
[Result "1/2-1/2"]
[WhiteElo "1816"]
[BlackElo "1871"]
[PlyCount "63"]
[EventDate "2018.08.24"]
[EventType "swiss"]
[EventRounds "9"]
[EventCountry "AUT"]
[SourceTitle "CBM 186 Extra"]
[Source "ChessBase"]
[SourceDate "2018.08.24"]
[SourceVersion "1"]
[SourceVersionDate "2018.08.24"]
[SourceQuality "1"]

1. d4 c6 2. c3 Nf6 3. Bg5 Qb6 4. Qc2 d5 5. e3 Ne4 6. Bf4 Bf5 7. Bd3 Bg6 8. Nf3 Nf6 9. Bxg6 hxg6 10. Nbd2 Nbd7 11. b4 e6 12. a4 a5 13. bxa5 Qxa5 14. 0-0 Be7 15. Rfb1 b6 16. Ne5 Nxe5 17. Bxe5 0-0 18. Bc7 Nd7 19. Nf3 Rfc8 20. Be5 c5 21. h4 cxd4 22. Bxd4 Rc4 23. g3 Rxa4 24. Rxa4 Qxa4 25. Qxa4 Rxa4 26. Bxb6 Nxb6 27. Rxb6 Bf6 28. Rc6 Ra1+ 29. Kg2 Rc1 30. Nd4 Bxd4 31. exd4 Kf8 32. f4 1/2-1/2

[Event "Innsbruck op-B 2nd"]
[Site "Innsbruck"]
[Date "2018.08.30"]
[Round "7"]
[White "Schranzhofer, Marco"]
[Black "Wischounig, Laurin"]
[Result "1/2-1/2"]
[WhiteElo "1871"]
[BlackElo "1900"]
[PlyCount "65"]
[EventDate "2018.08.24"]
[EventType "swiss"]
[EventRounds "9"]
[EventCountry "AUT"]
[SourceTitle "CBM 186 Extra"]
[Source "ChessBase"]
[SourceDate "2018.08.24"]
[SourceVersion "1"]
[SourceVersionDate "2018.08.24"]
[SourceQuality "1"]

1. e4 c6 2. d4 d5 3. Nc3 dxe4 4. Nxe4 Bf5 5. Ng3 Bg6 6. h4 h6 7. h5 Bh7 8. Nf3 Nd7 9. Bd3 Bxd3 10. Qxd3 e6 11. Bd2 Ngf6 12. 0-0-0 Be7 13. Kb1 Qb6 14. Qb3 0-0 15. Qxb6 Nxb6 16. Ne5 Rad8 17. Ne2 Ne4 18. Be1 Bf6 19. f3 Bxe5 20. fxe4 c5 21. Bh4 Bf6 22. Bxf6 gxf6 23. dxc5 Nd7 24. b4 Ne5 25. Rxd8 Rxd8 26. Kc1 Ng4 27. Rd1 Rxd1+ 28. Kxd1 Nf2+ 29. Kd2 Nxe4+ 30. Kd3 f5 31. Kc4 Kf8 32. Kb5 Ke7 33. a4 1/2-1/2

[Event "Innsbruck op-B 1st"]
[Site "Innsbruck"]
[Date "2017.08.26"]
[Round "2"]
[White "Schranzhofer, Marco"]
[Black "Burger, Anton"]
[Result "1-0"]
[WhiteElo "1820"]
[BlackElo "1648"]
[PlyCount "59"]
[EventDate "2017.08.25"]
[EventType "swiss"]
[EventRounds "9"]
[EventCountry "AUT"]
[SourceTitle "CBM 180 Extra"]
[Source "ChessBase"]
[SourceDate "2017.10.06"]
[SourceVersion "1"]
[SourceVersionDate "2017.10.06"]
[SourceQuality "1"]

1. e4 e5 2. Nf3 Nc6 3. Bb5 Nf6 4. 0-0 d6 5. d4 exd4 6. Nxd4 Bd7 7. Nxc6 Bxc6 8. Bxc6+ bxc6 9. Re1 Be7 10. c4 0-0 11. Nc3 h6 12. Qa4 c5 13. Be3 a6 14. Rad1 Qe8 15. Qc2 Qc8 16. h3 Re8 17. Bf4 Qe6 18. b3 c6 19. e5 dxe5 20. Rxe5 Qc8 21. Rde1 Bf8 22. Na4 Rxe5 23. Bxe5 Nd7 24. Bb2 Qd8 25. Bc3 Bd6 26. Rd1 Qc7 27. Qd3 Be5 28. Qxd7 Qxd7 29. Rxd7 Bxc3 30. Nxc3 1-0